Online
Catalog

Las visitas pastorales de los arzobispos de Santo Domingo (1531-1983) / (Record no. 49531)

MARC details
000 -CABECERA
campo de control de longitud fija 01806nam a22003017a 4500
003 - IDENTIFICADOR DEL NÚMERO DE CONTROL
campo de control DO-SdBNP
005 - FECHA Y HORA DE LA ÚLTIMA TRANSACCIÓN
campo de control 20240229074004.0
007 - CAMPO FIJO DE DESCRIPCIÓN FÍSICA--INFORMACIÓN GENERAL
campo de control de longitud fija ta
008 - DATOS DE LONGITUD FIJA--INFORMACIÓN GENERAL
campo de control de longitud fija 210310e2020 dr ao||er|||| 001 0dspa d
020 ## - NÚMERO INTERNACIONAL ESTÁNDAR DEL LIBRO
Número Internacional Estándar del Libro 9789945919066
040 ## - FUENTE DE LA CATALOGACIÓN
Centro catalogador/agencia de origen DO-SdBNP
Lengua de catalogación spa
Centro/agencia transcriptor BNPHU
082 #4 - NÚMERO DE LA CLASIFICACIÓN DECIMAL DEWEY
Número de clasificación 262.3097293
Número de documento/Ítem S127v
Número de edición 22
100 1# - ENTRADA PRINCIPAL--NOMBRE DE PERSONA
Nombre de persona Sáez , José Luis
Fechas asociadas al nombre 1937-
9 (RLIN) 620
245 13 - MENCIÓN DE TÍTULO
Título Las visitas pastorales de los arzobispos de Santo Domingo (1531-1983) /
Mención de responsabilidad, etc. José Luis Sáez Ramo ; editor:Jesús R. Navarro Zerpa.
260 ## - PUBLICACIÓN, DISTRIBUCIÓN, ETC.
Lugar de publicación, distribución, etc. Santo Domingo :
Nombre del editor, distribuidor, etc. Búho,
Fecha de publicación, distribución, etc. 2020.
300 ## - DESCRIPCIÓN FÍSICA
Extensión 242 p. :
Otras características físicas il., retrs. ;
Dimensiones 22 cm.
490 ## - MENCIÓN DE SERIE
Mención de serie Academia Dominicana de la Historia ;
Designación de volumen o secuencia 156
500 ## - NOTA GENERAL
Nota general Incluye referencias bibliográficas y notas al pie de las páginas.
505 ## - NOTA DE CONTENIDO CON FORMATO
Nota de contenido con formato Introducción 11 -- Las visitas pastorales dominicanas al margen del Trento (1515-1553) 12 -- Primeras visitas pastorales del siglo XVI (1531-1583) 14 -- La visita pastoral en la legislación sinodal dominicana y continental 17 -- Origen y necesidad de las notas o actas de visita pastoral 20 -- Los libros parroquiales y el valor documental de una visita 21 -- dos modalidades de Visita Pastoral extensa en el siglo XX 23 -- Las visitas hasta la recreación de la provincia Eclesiástica de Santo Domingo (1945-1953) 28 -- Índice de documentos 33 -- Antología de documentos 49 -- Bibliografía 317
590 ## - NOTA LOCAL (RLIN)
Nota local Inventariado, 2021/MFF
650 #4 - PUNTO DE ACCESO ADICIONAL DE MATERIA--TÉRMINO DE MATERIA
Término de materia o nombre geográfico como elemento de entrada Visitas pastorales
Subdivisión geográfica República Dominicana
Subdivisión general Historia
Subdivisión cronológica 1531-1953
9 (RLIN) 79163
650 #4 - PUNTO DE ACCESO ADICIONAL DE MATERIA--TÉRMINO DE MATERIA
Término de materia o nombre geográfico como elemento de entrada Arzobispos
Subdivisión geográfica República Dominicana
Subdivisión general Historia
Subdivisión cronológica 1531-1953
9 (RLIN) 79164
650 #4 - PUNTO DE ACCESO ADICIONAL DE MATERIA--TÉRMINO DE MATERIA
Término de materia o nombre geográfico como elemento de entrada Iglesia católica
Subdivisión geográfica República Dominicana
Subdivisión general Historia
9 (RLIN) 358
700 1# - PUNTO DE ACCESO ADICIONAL--NOMBRE DE PERSONA
Nombre de persona Navarro Zerpa, Jesús R.
Término indicativo de función/relación editor.
9 (RLIN) 73422
830 ## - PUNTO DE ACCESO ADICIONAL DE SERIE-TÍTULO UNIFORME
Título uniforme Academia Dominicana de la Historia ;
Número de parte o sección de la obra 156
9 (RLIN) 78063
910 ## - DATOS DE OPCIÓN DEL USUARIO (OCLC)
Datos de opción del usuario validado. Control de calidad MFF
942 ## - ELEMENTOS DE PUNTO DE ACCESO ADICIONAL (KOHA)
Fuente del sistema de clasificación o colocación Dewey Decimal Classification
Tipo de ítem Koha Libro
Holdings
Estado de retiro Estado de pérdida Fuente del sistema de clasificación o colocación Restricciones de uso No para préstamo Código de colección Localización permanente Ubicación/localización actual Ubicación en estantería Fecha de adquisición Fuente de adquisición Signatura topográfica completa Código de barras Fecha visto por última vez Precio válido a partir de Tipo de ítem Koha Número de copia Total de préstamos
    Dewey Decimal Classification Préstamo en sala   Dominicana de Servicio Biblioteca Nacional Pedro Henríquez Ureña Dominicana Depósito 23.11.2020 Donado por Editora Búho BNPHU DS 262.7293 S127v 2021-0736 10.03.2021 10.03.2021 Libro y Folleto Colección Dominicana de Servicio e.3  
    Dewey Decimal Classification Préstamo en sala   Monografías: Libros y Folletos Biblioteca Nacional Pedro Henríquez Ureña Dominicana En catalogación 10.06.2022   BNPHU DS 262.3097293 S127v 2022-2917 10.06.2022 10.06.2022 Libro e.4  
    Dewey Decimal Classification Excluido de préstamo   Monografías: Libros y Folletos Biblioteca Nacional Pedro Henríquez Ureña Patrimonio Dominicano Depósito 23.11.2020 Donado por Editora Búho BNPHU PD 262.7293 S127v 2021-0734 10.03.2021 10.03.2021 Libro y Folleto Colección Patrimonio Dominicano    
    Dewey Decimal Classification Excluido de préstamo   Monografías: Libros y Folletos Biblioteca Nacional Pedro Henríquez Ureña Patrimonio Dominicano Depósito 23.11.2020 Donado por Editora Búho BNPHU PD 262.7293 S127v 2021-0735 10.03.2021 10.03.2021 Libro y Folleto Colección Patrimonio Dominicano e.2  

Powered by Koha